Państwa na literę D - Statystyki

Ogólne statystyki
  • Ten quiz został rozwiązany 165 razy
  • Średni wynik to 4 z 5
Statystyki odpowiedzi
Państwo Kontynent Powierzchnia Liczba ludności % Poprawnych
Dania Europa 42 952 km² 5 540 241
100%
Dominika Ameryka Północna 754 km² 72 000
90%
Dominikana Ameryka Północna 48 730 km² 9 049 595
89%
Demokratyczna Republika Konga Afryka 2 344 858 km² 66 515 000
72%
Dżibuti Afryka 23 200 km² 506 221
70%
Nie znaleziono quizów pasujących do podanych kryteriów
Rozkład punktacji
Procent ludzi z każdym wynikiem
Percentyl według liczby udzielonych odpowiedzi
Twoja historia wyników
Nie rozwiązałeś tego quizu